| 000 -GUIDE |
| Champ de contrôle de longueur fixe |
01361nam a22002777a 4500 |
| 003 - IDENTITÉ DU NUMÉRO DE CONTRÔLE |
| Champ de contrôle |
BI-BuBU |
| 008 - ÉLÉMENTS DE LONGUEUR FIXE - RENSEIGNEMENTS GÉNÉRAUX |
| Champ de contrôle de longueur fixe |
130322t2008 bd |||ddr||| 000 0 fred |
| 037 ## - SOURCE D'ACQUISITION |
| Source d'acquisition et du numéro d'inventaire |
Don de l' auteur |
| 039 ## - NIVEAU DE CONTRÔLE BIBLIOGRAPHIQUE ET HISTORIQUE D'ENCODAGE [OBSOLETE] |
| Date creation |
20130322092042.0 |
| Nom catalographe |
Marie Goretti Ndayizeye |
| Date modification |
20130416105133.0 |
| Nom catalographe |
Béatrice Barankeba |
| 040 ## - SOURCE DU CATALOGAGE |
| Organisme qui a effectué le catalogage original |
BI-BuBU |
| Code de la langue utilisée dans le catalogage |
fre |
| Organisme qui a effectué la transcription |
BI-BuBU |
| Organisme qui a effectué la modification |
BI-BuBU |
| 041 0# - CODE DE LANGUE |
| Code de langue du texte/de la piste sonore ou du titre distinct |
fre |
| 080 ## - INDICE DE LA CLASSIFICATION DÉCIMALE UNIVERSELLE (CDU) |
| Indice de la Classification décimale universelle |
390.04 |
| 100 1# - VEDETTE PRINCIPALE - NOM DE PERSONNE |
| Code de relation |
aut |
| Nom de personne |
Karabagega, Martin |
| 245 10 - MENTION DU TITRE |
| Titre |
Evolution des rapports entre tambour et pouvoir au Burundi des origines à 2008 |
| Mention de responsabilité, etc. |
Martin Karabagega ; Emile Mworoha , directeur |
| 260 ## - PUBLICATION, DIFFUSION, ETC. (ADRESSE BIBLIOGRAPHIQUE) |
| Lieu de publication, diffusion, etc. |
Bujumbura |
| Nom de l'éditeur, diffuseur, etc. |
Université du Burundi, Faculté des Lettres et Sciences Humaines |
| Date of publication, distribution, etc |
2008 |
| 300 ## - DESCRIPTION MATÉRIELLE |
| Collation |
VI-104 f. |
| Dimensions |
30 cm. |
| 500 ## - NOTE GÉNÉRALE |
| Note générale |
Mémoire présenté et défendu publiquement en vue de l' obtention du grade de Licencié en Histoire. Option : Enseignement et Recherches. |
| 650 #7 - VEDETTE-MATIÈRE - NOM COMMUN |
| Source du terme |
BI-BuBU |
| Vedette de sujet ou vedette comportant un nom géographique |
Tambour : Pouvoir monarchique |
| Subdivision générale |
Rite |
| Subdivision géographique |
Burundi |
| 9 (RLIN) |
68379 |
| 650 #7 - VEDETTE-MATIÈRE - NOM COMMUN |
| Source du terme |
BI-BuBU |
| Vedette de sujet ou vedette comportant un nom géographique |
Pouvoir monarchique : Tambour |
| Subdivision générale |
Rite |
| Subdivision géographique |
Burundi |
| 9 (RLIN) |
68380 |
| 655 #7 - TERME D'INDEXATION - GENRE OU FORME |
| Source du terme |
BI-BuBU |
| Données ou terme dominant sur le genre ou la forme |
Mémoire |
| 9 (RLIN) |
69501 |
| 700 1# - VEDETTE SECONDAIRE - NOM DE PERSONNE |
| Code de relation |
drt |
| Nom d'auteur |
Mworoha, Emile |
| 9 (RLIN) |
68382 |
| 710 ## - VEDETTE SECONDAIRE - NOM DE COLLECTIVITÉ |
| Nom de la collectivité ou nom de lieu comme élément de classement |
Université du Burundi |
| Collectivité subordonnée |
Faculté des lettres et des sciences humaines |
| 9 (RLIN) |
68383 |
| 942 ## - ÉLÉMENTS D'ENTRÉE ADDITIONNELLE (KOHA) |
| Source de la classification ou du système de rangement |
|
| Type d item koha |
Memoire |